Konservárenské stroje a výrobní linky v potravinářském průmyslu : určeno pracovníkům v konservárenském průmyslu a konstruktérům strojíren, zabývajících se výrobou a projektováním konservárenských strojů

Hlavní autor: Havelka, Jan
Jazyk: Čeština
Vydáno: Praha : Státní nakladatelství technické literatury, 1957
Vydání: 1. vyd.
Edice: Řada strojnické literatury
Témata:
Fyzický popis: 540 s.
Knihy
Uloženo v:
LEADER 01089nam a2200277 a 4500
001 000470067
003 CZ BrMZK
005 20150209142300.0
007 ta
008 980119s1957 xr f cze d
015 |a cnb000511724 
035 |a (OCoLC)85318562 
040 |a BOA001  |b cze 
100 1 |a Havelka, Jan  |7 jx20080913020  |4 aut 
245 1 0 |a Konservárenské stroje a výrobní linky v potravinářském průmyslu :  |b určeno pracovníkům v konservárenském průmyslu a konstruktérům strojíren, zabývajících se výrobou a projektováním konservárenských strojů 
250 |a 1. vyd. 
260 |a Praha :  |b Státní nakladatelství technické literatury,  |c 1957 
300 |a 540 s. 
490 1 |a Řada strojnické literatury 
500 |a 1700 výt. 
830 0 |a Řada strojnické literatury 
910 |a BOA001  |b 2-0391.698 
964 |a Stroje konzervárenské - přehledy 
964 |a Průmysl konzervárenský - linky výrobní - výpočty a popisy 
990 |a BK 
996 6 |b 2619754808  |c 2-0391.698  |l MZK  |r Sklad / do 24 hodin  |n 14  |w 000470067  |u 000010  |a 1  |e BOA001  |j MZK50  |s P